Mons. Antonio Berenguer Sala, prior de la Capilla de San Jorge /
Descripción Física:
Il·lustracions
Colección:
San Jorge,
; núm. 21 (gener 1956), pàg 86-88
Materias:
Berenguer Sala, Antonio, -- 1874-1955
Idioma:
Español
MARC
| LEADER | 00000naa a2200000 a 4500 | ||
|---|---|---|---|
| 003 | Arxiu | ||
| 005 | 20260324181033.0 | ||
| 008 | 160829s1956 spcaxx s spa c | ||
| 040 | |a AGDB | ||
| 100 | 1 | |a Lladó, Francesc de B. |9 29512 |q (Francesc de Borja), |d 1902-1962 | |
| 245 | 1 | 0 | |a Mons. Antonio Berenguer Sala, prior de la Capilla de San Jorge / |c por Francesc de B. Lladó |
| 300 | |b Il·lustracions | ||
| 490 | |a San Jorge, |v núm. 21 (gener 1956), pàg 86-88 | ||
| 600 | 1 | 0 | |a Berenguer Sala, Antonio, |9 54536 |d 1874-1955 |
| 773 | |g Núm. 21 (gener 1956), pàg 86-88 |t San Jorge. | ||
| 901 | |a Arxiu | ||
| 942 | |n 1 |2 udc |c ART | ||
| 952 | |0 0 |1 0 |4 0 |6 REV511 |7 1 |9 65582 |a Arxiu |b Arxiu |d 2023-03-13 |l 0 |o Rev-511 |r 2023-03-13 00:00:00 |w 2023-03-13 |y ARXIU |z També disponible a Rev-525 | ||
| 999 | |c 47978 |d 47978 | ||